000 00390nam a22001457a 4500
005 20200619131854.0
008 200619b xxu||||| |||| 00| 0 eng d
082 _a345.4 LIC
110 _aALL INDIA REPORTER
_96210
245 _aLABOUR AND INDUSTRIAL CASES [1992] P-II V-25
260 _aMUMBAI
_bALL INDIA REPORTER Pvt.Ltd.
_c1992
300 _a2624p.
650 _aLAW
_95701
942 _cJRL
999 _c7305
_d7303